Welcome to the Holygrace Academy Library

Please use search bar below to get started

CANADA ENNA SWAPNABHOOMIYILOODE ORU YATRA (Record no. 6986)

MARC details
000 -LEADER
fixed length control field 00367nam a22001457a 4500
020 ## - INTERNATIONAL STANDARD BOOK NUMBER
ISBN 978-81-936676-3-7
082 ## - DEWEY DECIMAL CLASSIFICATION NUMBER
Classification number 894.812
Item number RAD/K
100 ## - MAIN ENTRY--AUTHOR NAME
Personal name SUKUMARAN, RADHAKRISHNAN
245 ## - TITLE STATEMENT
Title CANADA ENNA SWAPNABHOOMIYILOODE ORU YATRA
250 ## - EDITION STATEMENT
Edition statement FIRST EDITION
260 ## - PUBLICATION, DISTRIBUTION, ETC. (IMPRINT)
Place of publication TRIVANDRUM
Name of publisher INDIA BOOKS
Year of publication 2018
300 ## - PHYSICAL DESCRIPTION
Number of Pages 127
650 ## - SUBJECT ADDED ENTRY--TOPICAL TERM
Topical Term TRAVELOGUE
Geographic subdivision KERALA
942 ## - ADDED ENTRY ELEMENTS (KOHA)
Koha item type Books
Holdings
Withdrawn status Lost status Collection code Home library Current library Shelving location Date acquired Source of acquisition Cost, normal purchase price Full call number Accession Number Koha item type
    Non-fiction Main Library Main Library NEW SHELF WITH NEW ENTRY 26/10/2023 purchase 240.00 894.812 RAD/K 13153 Books